[Event "Match"]
[Site "www.echecsemail.com"]
[Date "2017.09.29"]
[Round "1"]
[White "Bjonil60"]
[Black "Kipik"]
[WhiteElo "1440"]
[BlackElo "1499"]
[Result "0-1"]
[Round "1"]
1.d4 d5
2.Ng1f3 Ng8f6
3.h3 e6
4.e3 b6
5.Qd1e2 Bf8d6
6.Nb1c3 Bc8b7
7.g3 O-O
8.Bf1g2 Bb7a6
9.O-O Ba6xe2
10.Nc3xe2 Nb8d7
11.b3 e5
12.c3 e4
13.Nf3h2 Nf6h5
14.g4 Nh5f6
15.g5 Bd6xh2
16.Kxh2 Nf6h5
17.f3 f5
18.fxe4 dxe4
19.c4 c5
20.d5 Qd8xg5
21.a3 Qg5f6
22.Ra1b1 Qf6e5
23.Kg1 Nh5g3
24.Ne2xg3 Qe5xg3
25.Rb1b2 Nd7e5
26.a4 Ne5d3
27.Rb2c2 Nd3xc1
28.Rf1xc1 Qg3xe3
29.Kh1 Ra8d8
30.Bg2f1 Rd8d6
31.Rc1b1 a5
32.Bf1g2 f4
33.Rb1b2 f3
34.Bg2f1 Rf8f5
35.h4 Rf5f4
36.h5 Qe3e1
37.Kg1 Rf4g4
38.Kh2 Qe1xf1
39.Rc2f2 Qf1g1
40.Kh3 Qg1g3

0-1

[Event "Match"]
[Site "www.echecsemail.com"]
[Date "2017.09.29"]
[Round "1"]
[White "Coraza"]
[Black "Caspito"]
[WhiteElo "1860"]
[BlackElo "1970"]
[Result "1/2-1/2"]
[Round "1"]
1.c4 e5
2.e4 Ng8f6
3.Nb1c3 Bf8b4
4.Nc3d5 Nf6xd5
5.exd5 d6
6.a3 Bb4c5
7.Ng1f3 Bc8g4
8.Qd1a4 Nb8d7
9.Bf1e2 e4
10.Nf3g1 Bg4xe2
11.Ng1xe2 O-O
12.O-O Nd7b6
13.Qa4c2 Qd8h4
14.g3 Qh4g4
15.Qc2d1 Nb6xc4
16.b3 Nc4e5
17.Ne2f4 Qg4xd1
18.Rf1xd1 Ne5f3
19.Kg2 Nf3d4
20.b4 Bc5b6
21.Bc1b2 c6
22.Bb2xd4 Bb6xd4
23.Ra1b1 Rf8e8
24.Rb1c1 Bd4b2
25.Rc1b1 Bb2xa3
26.b5 c5
27.Rb1a1 Ba3b2
28.Ra1b1 Bb2d4
29.h4 b6
30.Rb1b3 c4
31.Rb3b4 Bd4c5
32.Rb4xc4 a5
33.Nf4e2 a4
34.Rd1a1 a3
35.Ne2c3 h6
36.Nc3xe4 Ra8a5
37.Ne4c3 Kh7
38.h5 Re8e5
39.f4 Re5e7
40.d4 Ra5a8
41.dxc5 dxc5
42.Nc3b1 a2
43.Nb1c3 g5
44.hxg6 Kxg6
45.Kh3 Re7e3
46.Nc3xa2 Ra8a3
47.f5 Kf6
48.Rc4g4 c4
49.Kh4 c3
50.Kh5 c2
51.Rg4c4 Re3xg3
52.Rc4xc2 Rg3h3
53.Kg4 Ra3g3
54.Kf4 h5
55.Rc2c6 Ke7
56.f6 Kd7
57.Na2b4 Rg3g4
58.Kf5 Rg4xb4
59.Rc6xb6 Rh3c3
60.Ra1a7 Rc3c7
61.Rb6b7 Rc7xb7
62.Ra7xb7 Ke8
63.d6 h4
64.Rb7e7 Kd8
65.Re7xf7 Rb4xb5
66.Kg4 Rb5d5
67.Rf7f8 Kd7
68.f7 Ke6
69.Kxh4 Rd5xd6
70.Kg5 Ke7
71.Rf8e8 Kxf7
72.Re8e5 { draw }
1/2-1/2

[Event "Match"]
[Site "www.echecsemail.com"]
[Date "2017.09.29"]
[Round "1"]
[White "Whitekknight"]
[Black "Azocarwagner"]
[WhiteElo "1940"]
[BlackElo "1870"]
[Result "0-1"]
[Round "1"]
1.e4 e5
2.d4 exd4
3.Qd1xd4 Nb8c6
4.Qd4e3 Ng8f6
5.Nb1c3 Bf8b4
6.Bc1d2 O-O
7.Ng1f3 Rf8e8
8.Bf1d3 Re8e7
9.a3 Nf6g4
10.Qe3f4 d5
11.O-O-O Ng4xf2
12.Rd1e1 Nf2xh1
13.Re1xh1 Bb4xc3
14.Bd2xc3 d4
15.Bc3d2 a5
16.Bd3b5 a4
17.Rh1e1 d3
18.Bb5xd3 Bc8e6
19.Bd2c3 f6
20.Re1d1 Re7d7
21.Qf4e3 Kh8
22.Qe3e1 Be6g4
23.Qe1e3 Bg4xf3
24.gxf3 Qd8e8
25.Qe3e2 Ra8d8
26.h4 Qe8h5
27.Qe2f2 Qh5h6
28.Bc3d2 Qh6g6
29.Rd1g1 Qg6f7
30.Kb1 b6
31.Rg1d1 Qf7h5
32.Kc1 Nc6d4
33.Bd2e3 Nd4c6
34.Qf2e1 Qh5xf3
35.Qe1d2 Nc6e5
36.Be3f4 Ne5c4
37.Qd2h2 Nc4e3
38.Bf4xe3 Qf3xe3
39.Kb1 Qe3f3
40.Ka2 f5
41.exf5 Qf3d5
42.Ka1 Qd5f3
43.Qh2d2 c5
44.Qd2e1 c4
45.Rd1d2 cxd3
46.cxd3 Qf3xf5
47.d4 h5
48.Rd2f2 Qf5g4
49.Rf2e2 Rd7xd4
50.Re2e8 Kh7
51.Qe1b1 g6
52.Re8e7 Kh8
53.Qb1c2 Qg4xh4
54.Re7b7 Rd4c4
55.Qc2xg6 Rc4c1
56.Ka2 Qh4c4
{ resign }
0-1

[Event "Match"]
[Site "www.echecsemail.com"]
[Date "2017.09.29"]
[Round "1"]
[White "Susov"]
[Black "Theo64"]
[WhiteElo "1800"]
[BlackElo "1729"]
[Result "1-0"]
[Round "1"]
1.e4 e6
2.d4 d5
3.exd5 exd5
4.Ng1f3 Bc8g4
5.h3 Bg4h5
6.Bf1d3 Bf8d6
7.Nb1c3 c6
8.O-O Ng8e7
9.Bc1g5 f6
10.Bg5e3 O-O
11.Qd1d2 Bh5xf3
12.gxf3 f5
13.Be3g5 h6
14.Bg5xh6 gxh6
15.Qd2xh6 Rf8f7
16.Kh1 Rf7h7
17.Rf1g1 Kh8
18.Qh6f6 { resign }
1-0

[Event "Match"]
[Site "www.echecsemail.com"]
[Date "2017.09.29"]
[Round "1"]
[White "Whitekknight"]
[Black "Azocarfreund"]
[WhiteElo "1940"]
[BlackElo "1969"]
[Result "1-0"]
[Round "1"]
1.d4 e6
2.e4 d5
3.exd5 exd5
4.Ng1f3 Ng8f6
5.Bf1e2 Bf8d6
6.Bc1g5 O-O
7.Nb1c3 Rf8e8
8.Qd1d2 Bd6b4
9.a3 Bb4xc3
10.Qd2xc3 Nb8c6
11.Qc3d3 h6
12.Bg5h4 g5
13.Bh4g3 Bc8g4
14.h3 Bg4xf3
15.gxf3 Nc6e7
16.O-O Ne7g6
17.Rf1e1 Qd8d7
18.Be2f1 Re8e6
19.Re1xe6 Qd7xe6
20.Ra1e1 Qe6b6
21.b4 a5
22.Qd3c3 axb4
23.axb4 Ra8a4
24.Bg3xc7 Qb6c6
25.Qc3xc6 bxc6
26.Bc7d6 Ra4a2
27.Bf1d3 Ng6h4
28.Bd6e5 Nf6d7
29.Be5d6 Nh4xf3
30.Kf1 Nf3xe1
31.Kxe1 Ra2a1
32.Ke2 Nd7b6
33.Kf3 Ra1h1
34.Kg2 Rh1e1
35.Bd6c5 Nb6d7
36.Bc5d6 Nd7f6
37.Bd3f5 Nf6e8
38.Bd6e5 f6
39.Be5g3 Re1b1
40.Bf5d7 Ne8g7
41.Bd7xc6 Rb1xb4
42.c3 Rb4b3
43.Bc6xd5 Kf8
44.Bd5xb3 Ke7
45.d5 Ng7e8
46.c4 f5
47.Bg3e5 f4
48.c5 Kd7
49.Bb3a4 Kd8
50.d6 h5
51.c6 f3
52.Kxf3 h4
53.d7 Ne8c7
54.Be5f6 { resign }
1-0

[Event "Match"]
[Site "www.echecsemail.com"]
[Date "2017.09.29"]
[Round "1"]
[White "Calponas"]
[Black "Juodivarnai"]
[WhiteElo "2020"]
[BlackElo "2040"]
[Result "1-0"]
[Round "1"]
1.e4 c5
2.Ng1f3 d6
3.d4 cxd4
4.Nf3xd4 Ng8f6
5.Nb1c3 a6
6.Bc1g5 Nb8d7
7.Bf1d3 Qd8a5
8.Qd1d2 b5
9.Nd4b3 Qa5b6
10.Bg5e3 Qb6c7
11.O-O g6
12.a4 bxa4
13.Ra1xa4 Bf8g7
14.Rf1a1 Nd7b8
15.Qd2e2 O-O
16.f3 Nb8c6
17.Bd3xa6 Bc8xa6
18.Ra4xa6 Ra8xa6
19.Ra1xa6 Nc6b4
20.Ra6a1 Nf6d7
21.Ra1a7 Qc7c6
22.Nb3d4 Bg7xd4
23.Be3xd4 Nd7c5
24.Qe2d2 Qc6b6
25.Ra7xe7 Nb4c6
26.Nc3d5 Qb6a6
27.Qd2h6 { resign }
1-0

[Event "Match"]
[Site "www.echecsemail.com"]
[Date "2017.09.29"]
[Round "1"]
[White "Googabeast29"]
[Black "Bjonil60"]
[WhiteElo "1499"]
[BlackElo "1460"]
[Result "0-1"]
[Round "1"]
1.Ng1f3 Nb8c6
2.e4 e5
3.Bf1b5 a6
4.Bb5a4 b5
5.Ba4b3 Ng8f6
6.O-O Qd8e7
7.Rf1e1 h6
8.c3 d6
9.Bb3c2 g6
10.d4 g5
11.a4 b4
12.d5 Nc6a7
13.cxb4 Bc8b7
14.Nb1c3 O-O-O
15.Bc1e3 c6
16.Be3xa7 Nf6d7
17.Ra1c1 c5
18.b5 axb5
19.axb5 Bb7a8
20.b6 Kb7
 { time }
0-1

[Event "1/128 Finale"]
[Site "www.chess-mail.com"]
[Date "2017.09.29"]
[Round "1"]
[White "Attatroll"]
[Black "Squeakysquaw"]
[WhiteElo "2000"]
[BlackElo "1499"]
[Result "1-0"]
[Round "1"]
1.e4 c5
2.Nb1c3 d6
3.g3 Nb8c6
4.Bf1g2 g6
5.d3 Ng8f6
6.f4 Bf8g7
7.Ng1f3 e5
8.fxe5 dxe5
9.Bc1g5 Bc8e6
10.O-O O-O
11.Nc3d5 Be6xd5
12.exd5 Qd8xd5
13.Qd1e2 Rf8e8
14.Rf1e1 e4
15.dxe4 Qd5d8
16.e5 Nc6xe5
17.Nf3xe5 Qd8d4
18.Kh1 Nf6g4
19.Qe2xg4 Bg7xe5
20.Qg4xd4 cxd4
21.Bg2xb7 Ra8b8
22.Bb7d5 Rb8xb2
23.Bg5f6 Rb2xc2
24.Re1xe5 Re8xe5
25.Bf6xe5 d3
26.Ra1b1 Rc2c8
27.Rb1d1 Rc8e8
28.Be5f6 h6
29.Rd1xd3 g5
30.Bd5b3 Re8e1
31.Kg2 Re1e2
32.Kf3 Re2e8
33.Rd3d8 Kf8
34.Rd8xe8 Kxe8
35.Kg4 { resign }
1-0

[Event "Tourn. n9547"]
[Site "www.chess-mail.com"]
[Date "2017.09.30"]
[Round "1"]
[White "Apdash"]
[Black "Bojan"]
[WhiteElo "2070"]
[BlackElo "2050"]
[Result "1-0"]
[Round "1"]
1.e4 e5
2.Ng1f3 Nb8c6
3.Bf1c4 h6
4.O-O Bf8c5
5.c3 d6
6.d4 exd4
7.cxd4 Bc5b6
8.Nb1c3 Bc8g4
9.Bc4b5 a6
10.Bb5a4 Kf8
11.h3 Bg4h5
12.Qd1d3 Qd8f6
13.d5 Nc6a7
14.Bc1e3 Bb6xe3
15.fxe3 Qf6e7
16.Nf3d4 Bh5g6
17.Nd4f5 Qe7e5
18.Nf5h4 Bg6h7
19.Rf1f4 g5
20.Nh4f3 Qe5e7
21.Rf4g4 Ra8e8
22.Ba4xe8 Kxe8
23.Qd3d4 Ng8f6
24.Qd4xa7 Rh8g8
25.Qa7xb7 Nf6xg4
26.Qb7c8 Qe7d8
27.Qc8xd8 Kxd8
28.hxg4 Kd7
29.e5 Rg8b8
30.b3 Rb8b4
31.exd6 Kxd6
32.Nf3d4 Bh7g6
33.Nd4f5 Bg6xf5
34.gxf5 Ke5
35.e4 Rb4d4
36.Ra1f1 Rd4d3
37.Rf1f3 Rd3d2
38.g4 f6
39.Kf1 Rd2c2
40.b4 Kd4
41.a4 Rc2b2
42.b5 axb5
43.axb5 Kc4
44.e5 fxe5
45.f6 e4
46.Nc3xe4 Kxd5
47.f7 { resign }
1-0

[Event "Tourn. n9516"]
[Site "www.chess-mail.com"]
[Date "2017.09.30"]
[Round "1"]
[White "Osopanda"]
[Black "Passaroa25"]
[WhiteElo "1720"]
[BlackElo "1700"]
[Result "0-1"]
[Round "1"]
1.e4 c6
2.d4 d6
3.Ng1f3 e6
4.Bf1d3 Ng8e7
5.Bc1e3 Ne7g6
6.O-O Nb8d7
7.c4 Bf8e7
8.Nb1c3 O-O
 { time }
0-1

[Event "Tourn. n9493"]
[Site "www.chess-mail.com"]
[Date "2017.09.30"]
[Round "1"]
[White "Vios"]
[Black "Picifarkinca"]
[WhiteElo "1979"]
[BlackElo "2090"]
[Result "1-0"]
[Round "1"]
1.e4 c6
2.d4 d5
3.Nb1c3 dxe4
4.Nc3xe4 Nb8d7
5.Bf1c4 e6
6.Ng1f3 Ng8f6
7.Ne4g3 Bf8d6
8.Bc1g5 Qd8a5
9.c3 h6
10.Bg5d2 Qa5c7
11.O-O Nd7b6
12.Bc4d3 O-O
13.Qd1e2 Nb6d5
14.Ng3e4 Bd6f4
15.Ne4xf6 Nd5xf6
16.Bd2xf4 Qc7xf4
17.Nf3e5 Nf6d7
18.Bd3c2 Nd7xe5
19.dxe5 Bc8d7
20.Qe2d3 { resign }
1-0

[Event "Tourn. n9547"]
[Site "www.chess-mail.com"]
[Date "2017.09.30"]
[Round "1"]
[White "Bojan"]
[Black "Tonino1"]
[WhiteElo "2050"]
[BlackElo "2170"]
[Result "0-1"]
[Round "1"]
1.e4 d6
2.d4 Ng8f6
3.Nb1c3 g6
4.f4 Bf8g7
5.h3 O-O
6.g4 c6
7.g5 Nf6h5
8.Bf1e2 Nh5g3
9.Rh1h2 Ng3xe2
10.Nc3xe2 Qd8c7
11.c3 e5
12.Ne2g3 Nb8d7
13.f5 exd4
14.cxd4 d5
15.f6 Qc7xg3
16.Rh2f2 Qg3xg1
17.Rf2f1 Qg1g3
18.Rf1f2 Bg7xf6
19.gxf6 Nd7xf6
20.Bc1f4 Qg3xh3
21.Rf2h2 Qh3g4
22.Bf4d6 Qg4g1
23.Ke2 Bc8g4
{ resign }
0-1

[Event "Tourn. n9498"]
[Site "www.chess-mail.com"]
[Date "2017.09.30"]
[Round "1"]
[White "Julian"]
[Black "Passaroa25"]
[WhiteElo "1550"]
[BlackElo "1700"]
[Result "0-1"]
[Round "1"]
1.e4 c6
2.d4 e6
3.Ng1f3 f6
4.Bf1e2 Ng8e7
5.O-O Ne7g6
6.c4 Bf8e7
7.Nb1c3 O-O
8.Bc1e3 d6
 { time }
0-1

[Event "Tourn. n9523"]
[Site "www.chess-mail.com"]
[Date "2017.09.30"]
[Round "1"]
[White "Julian"]
[Black "Robinjut"]
[WhiteElo "1560"]
[BlackElo "1670"]
[Result "0-1"]
[Round "1"]
1.e4 e5
2.Ng1f3 d6
3.d4 Bc8g4
4.Bf1e2 Bg4xf3
5.Be2xf3 Nb8c6
6.dxe5 Nc6xe5
7.Bf3e2 h6
8.O-O Bf8e7
 { time }
0-1

[Event "Tourn. n9519"]
[Site "www.chess-mail.com"]
[Date "2017.09.30"]
[Round "1"]
[White "Bronstein70"]
[Black "Fantomas"]
[WhiteElo "2420"]
[BlackElo "2220"]
[Result "1-0"]
[Round "1"]
1.e4 c5
2.f4 d6
3.Ng1f3 Nb8c6
4.Bf1b5 Bc8d7
5.Nb1c3 a6
6.Bb5xc6 Bd7xc6
7.O-O Ng8f6
8.e5 Nf6d5
9.exd6 Qd8xd6
10.Nc3e4 Qd6g6
11.d3 b6
12.Nf3e5 Qg6f5
13.Ne5xc6 { resign }
1-0

[Event "Tourn. n9531"]
[Site "www.chess-mail.com"]
[Date "2017.09.30"]
[Round "1"]
[White "Begory"]
[Black "Luban"]
[WhiteElo "1809"]
[BlackElo "2060"]
[Result "0-1"]
[Round "1"]
1.d4 d5
2.Bc1f4 e6
3.Nb1c3 a6
4.e3 c5
5.dxc5 Bf8xc5
6.Ng1f3 Nb8c6
7.e4 d4
8.Nc3a4 Qd8a5
9.c3 dxc3
10.Na4xc3 Bc5b4
11.Bf4d2 h6
12.a3 Bb4e7
13.Nc3d5 Qa5d8
14.Nd5xe7 Qd8xe7
15.Bf1c4 b5
16.Bc4b3 Bc8b7
17.O-O Ng8f6
18.e5 Nf6d7
19.Bd2c3 O-O
20.Qd1d2 Rf8d8
21.Qd2f4 Ra8c8
22.Rf1d1 Nd7f8
23.Rd1xd8 Rc8xd8
24.Ra1d1 Rd8xd1
25.Bb3xd1 Nf8g6
26.Qf4d2 Qe7c7
27.Qd2e3 Nc6e7
28.a4 Bb7xf3
29.Qe3xf3 Ne7c6
30.axb5 axb5
31.h3 Nc6xe5
32.Qf3a8 Kh7
33.Bd1c2 b4
34.Bc3xe5 Qc7xe5
35.Bc2xg6 Kxg6
36.Qa8a1 Qe5c5
37.Qa1b1 f5
38.Qb1d3 Qc5c1
39.Kh2 Qc1xb2
40.Qd3g3 Kh7
41.f3 b3
42.Qg3d6 Qb2f6
43.Qd6b4 b2
44.Qb4b3 Qf6e5
{ resign }
0-1

[Event "Tourn. n9506"]
[Site "www.chess-mail.com"]
[Date "2017.09.30"]
[Round "1"]
[White "Vios"]
[Black "Picifarkinca"]
[WhiteElo "2010"]
[BlackElo "2070"]
[Result "1-0"]
[Round "1"]
1.e4 e6
2.d4 d5
3.Nb1c3 dxe4
4.Nc3xe4 Nb8d7
5.Ng1f3 Ng8f6
6.Ne4g3 c5
7.c3 cxd4
8.cxd4 Bf8d6
9.Bf1d3 O-O
10.O-O e5
11.Ng3f5 Bd6b8
12.Bc1g5 h6
13.Bg5xh6 e4
14.Bh6xg7 { resign }
1-0

[Event "Tourn. n9476"]
[Site "www.chess-mail.com"]
[Date "2017.09.30"]
[Round "1"]
[White "Osopanda"]
[Black "Passaroa25"]
[WhiteElo "1660"]
[BlackElo "1670"]
[Result "0-1"]
[Round "1"]
1.e4 c6
2.d4 d6
3.Ng1f3 e6
4.c4 Ng8e7
5.Nb1c3 Nb8d7
6.Bf1d3 f6
7.O-O Ne7g6
8.Rf1e1 b6
9.d5 exd5
10.cxd5 Bc8b7
11.Bc1e3 Nd7c5
12.Bd3f1 Bf8e7
13.dxc6 Bb7xc6
14.Nf3d4 Qd8c8
15.Nd4xc6 Qc8xc6
16.Nc3d5 O-O
17.Nd5xe7 Ng6xe7
18.f3 Ne7g6
19.a4 a5
20.Ra1c1 Qc6xa4
21.Qd1xd6 Nc5d7
 { time }
0-1

[Event "Tourn. n9476"]
[Site "www.chess-mail.com"]
[Date "2017.09.30"]
[Round "1"]
[White "Stewartborst"]
[Black "Dussek"]
[WhiteElo "1710"]
[BlackElo "1850"]
[Result "1-0"]
[Round "1"]
1.e4 e6
2.d4 d5
3.Bf1d3 Nb8c6
4.c3 g6
5.Bc1f4 Bf8g7
6.Ng1e2 dxe4
7.Bd3xe4 Bc8d7
8.O-O Ng8f6
9.Nb1d2 O-O
10.Rf1e1 Nf6xe4
11.Nd2xe4 b6
12.d5 exd5
13.Qd1xd5 Qd8c8
14.Ra1d1 Rf8d8
15.Ne4g5 Rd8f8
16.Qd5xd7 Nc6e5
17.Qd7xc8 Ra8xc8
18.Ne2d4 h6
19.Bf4xe5 hxg5
20.Nd4c6 a5
21.Nc6e7 Kh8
22.Ne7xc8 Rf8xc8
23.Be5xg7 Kxg7
24.Re1e7 Kf6
25.Rd1d7 Rc8f8
26.Rd7xc7 Kg7
27.Rc7c6 b5
28.Re7e5 f6
29.Re5xb5 a4
30.Rc6a6 Rf8e8
31.Kf1 f5
32.Ra6xa4 Kh6
33.Ra4d4 Re8e7
34.a4 Re7e6
35.c4 g4
36.a5 { resign }
1-0

[Event "Tourn. n9500"]
[Site "www.chess-mail.com"]
[Date "2017.09.30"]
[Round "1"]
[White "Vios"]
[Black "Picifarkinca"]
[WhiteElo "1979"]
[BlackElo "2080"]
[Result "1-0"]
[Round "1"]
1.e4 c6
2.d4 d5
3.e5 b5
4.a4 Qd8a5
5.Bc1d2 b4
6.Ng1f3 e6
7.Bf1d3 c5
8.dxc5 Bf8xc5
9.O-O Bc8a6
10.Qd1e2 Ba6xd3
11.Qe2xd3 Qa5a6
12.Qd3b5 Qa6xb5
13.axb5 a5
14.c3 b3
15.Bd2f4 { resign }
1-0

[Event "Match"]
[Site "www.echecsemail.com"]
[Date "2017.09.30"]
[Round "1"]
[White "Jc7325"]
[Black "Karlgrocer"]
[WhiteElo "1499"]
[BlackElo "2030"]
[Result "0-1"]
[Round "1"]
1.c4 c5
2.Nb1c3 d6
3.Ng1f3 e5
4.e4 Bf8e7
5.g3 Ng8f6
6.Bf1g2 O-O
7.O-O a6
8.Ra1b1 Bc8d7
9.b4 b6
10.Bc1a3 cxb4
11.Ba3xb4 Nb8c6
12.d4 exd4
13.Nf3xd4 Nc6xd4
14.Qd1xd4 Bd7e6
15.f4 Nf6e8
16.e5 Ra8c8
17.Bg2b7 Rc8xc4
18.Qd4d3 a5
19.Bb7a6 Rc4xb4
20.a3 Rb4xb1
21.Qd3xb1 dxe5
22.f5 Be6d7
23.Nc3d5 Be7c5
24.Kh1 Bd7c6
25.Ba6c4 Qd8a8
26.f6 Bc6xd5
27.Bc4xd5 Qa8d8
28.fxg7 Qd8xd5
{ resign }
0-1

[Event "Tourn. n9371"]
[Site "www.chess-mail.com"]
[Date "2017.10.01"]
[Round "1"]
[White "Tartan"]
[Black "Sorento"]
[WhiteElo "2400"]
[BlackElo "2430"]
[Result "1-0"]
[Round "1"]
1.e4 c5
2.Ng1f3 d6
3.d4 cxd4
4.Nf3xd4 Ng8f6
5.Nb1c3 g6
6.f3 Bf8g7
7.Bc1e3 O-O
8.Qd1d2 Nb8c6
9.O-O-O Bc8d7
10.g4 Ra8c8
11.h4 Nc6e5
12.Kb1 h5
13.gxh5 Nf6xh5
14.Rh1g1 Rc8xc3
15.bxc3 Qd8a5
16.Nd4b3 Qa5a4
17.Bf1e2 Rf8c8
18.Be3g5 Bd7b5
19.Bg5xe7 Bb5xe2
20.Qd2xe2 Ne5c4
21.Be7xd6 Bg7xc3
22.Qe2h2 Rc8c6
23.Rd1d3 Rc6a6
24.a3 Bc3g7
25.Bd6e7 Bg7e5
26.f4 Be5xf4
27.Qh2e2 Nc4xa3
28.Be7xa3 Qa4xa3
29.c4 Bf4e5
30.Qe2d2 Nh5f4
31.Rd3f3 Ra6b6
32.Qd2a2 Qa3c5
33.Rg1f1 Qc5xc4
34.Qa2c2 Qc4a4
35.Qc2a2 Qa4xe4
36.Kc1 Rb6d6
37.Qa2c2  { time }
1-0

[Event "Tourn. n9516"]
[Site "www.chess-mail.com"]
[Date "2017.10.01"]
[Round "1"]
[White "Passaroa25"]
[Black "Prize64"]
[WhiteElo "1700"]
[BlackElo "1740"]
[Result "0-1"]
[Round "1"]
1.e4 c5
2.c3 d5
3.f3 dxe4
4.fxe4 e5
5.Ng1e2 Bc8g4
6.g3 Bg4f3
7.d3 Bf3xh1
8.Nb1d2 Ng8f6
9.Nd2c4 Nb8c6
10.Bc1e3 Bh1f3
11.Qd1d2 Bf3xe2
12.Qd2xe2 Bf8e7
13.Be3f2 O-O
14.O-O-O b5
15.Nc4e3 b4
16.Ne3c4 bxc3
17.bxc3 Ra8b8
18.Qe2c2 Nf6g4
19.Bf2g1 Be7g5
20.Nc4d2 Qd8a5
21.Bf1e2 Qa5a3
22.Qc2b2 Qa3xb2

0-1

[Event "Tourn. n9447"]
[Site "www.chess-mail.com"]
[Date "2017.10.01"]
[Round "1"]
[White "Cjood"]
[Black "Xkafi"]
[WhiteElo "2080"]
[BlackElo "2050"]
[Result "1-0"]
[Round "1"]
1.d4 c5
2.d5 Ng8f6
3.c4 Nb8a6
4.Bc1f4 Qd8a5
5.Nb1c3 Nf6e4
6.Qd1c2 f5
7.Bf4d2 Ne4xd2
8.Qc2xd2 Na6b4
9.a3 Nb4a6
10.g3 g6
11.Bf1g2 d6
12.Ng1f3 h6
13.O-O g5
14.Rf1b1 Qa5c7
15.b4 Bf8g7
16.b5 Na6b8
17.a4 Qc7a5
18.Ra1a3 Nb8d7
19.e3 Nd7b6
20.Bg2f1 Nb6d7
21.Bf1d3 Nd7f6
22.Ra3b3 Qa5b6
23.Nc3e2 Nf6e4
24.Bd3xe4 fxe4
25.Nf3e1 Bc8h3
26.a5 Qb6d8
27.b6 a6
28.f3 exf3
29.Ne1xf3 Rh8f8
30.e4 Qd8d7
31.Nf3xg5 hxg5
32.Qd2xg5 Qd7g4
33.Qg5xg4 Bh3xg4
34.Ne2f4 Rf8h8
35.Kg2 Bg7d4
36.h3 Bg4d7
37.g4 Kf7
38.Kg3 Bd4e5
39.Rb1f1 Ra8g8
40.Kg2 Ke8
41.Rb3f3 Bd7a4
42.Nf4e6 Kd7
43.Rf3f8 Rg8xf8
44.Ne6xf8 Ke8
45.Nf8g6 Rh8g8
46.Ng6xe5 dxe5
47.Rf1f5 Ba4b3
48.Rf5xe5 Bb3xc4
49.d6 e6
50.Re5xc5 Bc4b5
51.Rc5c7 Bb5c6
52.Rc7e7 Kd8
53.Re7xe6 Kd7
54.Re6h6 Bc6xe4
55.Kg3 Rg8g5
56.Kf4 Rg5g6
57.Rh6xg6 Be4xg6
58.Ke5 Bg6c2
59.h4 Bc2d1
60.g5 Bd1h5
61.Kf6 Kxd6
62.g6 Bh5e2
63.Kg7 Ke7
64.Kg8 Kf6
65.g7 Be2c4
66.Kf8 { resign }
1-0

[Event "Tourn. n9520"]
[Site "www.chess-mail.com"]
[Date "2017.10.01"]
[Round "1"]
[White "Cjood"]
[Black "Luban"]
[WhiteElo "2010"]
[BlackElo "2080"]
[Result "0-1"]
[Round "1"]
1.c4 e6
2.e3 d5
3.d4 dxc4
4.Bf1xc4 Ng8f6
5.Ng1f3 c5
6.O-O a6
7.Nb1c3 b5
8.Bc4d3 Bc8b7
9.dxc5 Bf8xc5
10.a3 O-O
11.b4 Bc5b6
12.Qd1c2 Bb7xf3
13.gxf3 Nb8d7
14.Bc1b2 Nd7e5
15.Bd3e2 Ra8c8
16.Rf1d1 Qd8e7
17.f4 Ne5c4
18.Be2xc4 Rc8xc4
19.Qc2e2 Rf8c8
20.Ra1c1 h6
21.h3 Nf6e8
22.Qe2g4 Ne8f6
23.Qg4f3 Nf6e8
24.Qf3g3 f6
25.Nc3e2 Ne8d6
26.Rc1xc4 Rc8xc4
27.Ne2d4 Nd6e4
28.Qg3g6 Bb6xd4
29.Bb2xd4 f5
30.f3 Ne4c3
31.Kf2 Nc3xd1
32.Ke2 Nd1c3
33.Bd4xc3 Rc4xc3
34.e4 Qe7f6
35.Qg6e8 Kh7
36.e5 Qf6h4
37.Qe8xe6 Qh4xh3
38.Qe6d5 Qh3g2
39.Kd1 Qg2f1
40.Kd2 Qf1c1
41.Ke2 Rc3c2
{ resign }
0-1

[Event "Tourn. n9529"]
[Site "www.chess-mail.com"]
[Date "2017.10.01"]
[Round "1"]
[White "Prize64"]
[Black "Dussek"]
[WhiteElo "1820"]
[BlackElo "1830"]
[Result "1-0"]
[Round "1"]
1.e4 e5
2.Ng1f3 Nb8c6
3.Bf1b5 a6
4.Bb5a4 Ng8f6
5.O-O Bf8d6
6.c3 O-O
7.Rf1e1 b5
8.Ba4b3 Nc6a5
9.Bb3c2 Bc8b7
10.d4 Na5c4
11.b3 Nc4b6
12.dxe5 Bd6c5
13.exf6 Qd8xf6
14.Bc1g5 Qf6e6
15.b4 Bc5e7
16.Bg5xe7 Qe6xe7
17.Nb1d2 Ra8e8
18.Qd1e2 Qe7d8
19.Qe2d3 d6
20.e5 d5
21.Qd3xh7 { resign }
1-0

[Event "Tourn. n9469"]
[Site "www.chess-mail.com"]
[Date "2017.10.01"]
[Round "1"]
[White "Numanoid"]
[Black "Obisporey"]
[WhiteElo "2440"]
[BlackElo "2600"]
[Result "1/2-1/2"]
[Round "1"]
1.d4 Ng8f6
2.c4 e6
3.Nb1c3 Bf8b4
4.Qd1c2 O-O
5.a3 Bb4xc3
6.Qc2xc3 d5
7.Ng1f3 dxc4
8.Qc3xc4 b6
9.Bc1g5 Bc8a6
10.Qc4a4 h6
11.Bg5h4 Qd8e7
12.Nf3e5 Qe7d6
13.Bh4xf6 gxf6
14.Ne5f3 c5
15.e3 Ba6xf1
16.Rh1xf1 cxd4
17.Qa4xd4 Qd6xd4
18.Nf3xd4 Rf8c8
19.Kd2 Nb8c6
20.Ra1c1 Nc6xd4
21.exd4 Rc8d8
22.Ke3 Rd8d7
23.Rc1c4 { draw }
1/2-1/2

[Event "Tourn. n9520"]
[Site "www.chess-mail.com"]
[Date "2017.10.01"]
[Round "1"]
[White "Norlavuaram"]
[Black "Luban"]
[WhiteElo "2070"]
[BlackElo "2080"]
[Result "1-0"]
[Round "1"]
1.e4 c5
2.Ng1f3 d6
3.d4 cxd4
4.Nf3xd4 Ng8f6
5.Nb1c3 a6
6.f3 e6
7.Bf1c4 Bf8e7
8.Bc1e3 Bc8d7
9.Qd1d2 Nb8c6
10.O-O-O Nc6xd4
11.Qd2xd4 Bd7c6
12.g4 h6
13.h4 Qd8c7
14.g5 hxg5
15.hxg5 Nf6h5
16.g6 O-O-O
17.gxf7 e5
18.Qd4a7 b5
19.Bc4e6 Bc6d7
20.Qa7a8 Qc7b8
21.Qa8xa6 Qb8b7
22.Be6xd7 Rd8xd7
23.Qa6xb5 Qb7xb5
24.Nc3xb5 g6
25.Nb5c3 Rh8f8
26.Nc3d5 Be7d8
27.Rd1g1 Rd7xf7
28.Rg1xg6 Rf7xf3
29.Rh1xh5 Rf3f1
30.Kd2 Rf1a1
31.Nd5c3 Rf8f1
32.Rg6xd6 Bd8a5
33.Rd6g6 Ra1xa2
34.Rh5h8 { resign }
1-0

[Event "Tourn. n9469"]
[Site "www.chess-mail.com"]
[Date "2017.10.01"]
[Round "1"]
[White "Gvladutz"]
[Black "Numanoid"]
[WhiteElo "2399"]
[BlackElo "2440"]
[Result "1-0"]
[Round "1"]
1.d4 d5
2.c4 e6
3.Nb1c3 Bf8b4
4.cxd5 exd5
5.Ng1f3 Ng8f6
6.Bc1g5 h6
7.Bg5xf6 Qd8xf6
8.Qd1b3 Qf6b6
9.e3 c6
10.Bf1d3 O-O
11.O-O Rf8e8
12.Qb3c2 Bb4d6
13.h3 Nb8d7
14.e4 dxe4
15.Nc3xe4 Bd6f8
16.Ra1e1 Qb6d8
17.Bd3c4 Nd7f6
18.Ne4xf6 gxf6
19.Qc2g6 { resign }
1-0

[Event "Tourn. n9508"]
[Site "www.chess-mail.com"]
[Date "2017.10.01"]
[Round "1"]
[White "Cjood"]
[Black "Libiesse"]
[WhiteElo "1990"]
[BlackElo "1780"]
[Result "0-1"]
[Round "1"]
1.e4 c5
2.c4 Nb8c6
3.Ng1f3 e6
4.a3 d6
5.d4 cxd4
6.Nf3xd4 Ng8f6
7.Nd4xc6 bxc6
8.Nb1c3 Bf8e7
9.g3 d5
10.e5 Nf6d7
11.f4 O-O
12.Bf1d3 d4
13.Nc3e2 c5
14.Bd3e4 Ra8b8
15.Qd1d3 f5
16.exf6 Nd7xf6
17.O-O Nf6xe4
18.Qd3xe4 d3
19.Rf1d1 Qd8a5
20.Rd1xd3 Qa5e1
21.Kg2 Bc8b7
22.Rd3d5 exd5
23.cxd5 Be7f6
24.Qe4e6 Kh8
25.Ra1b1 Rf8e8
26.Qe6d6 Re8xe2
27.Kh3 Bb7c8
{ resign }
0-1

[Event "Tourn. n9476"]
[Site "www.chess-mail.com"]
[Date "2017.10.01"]
[Round "1"]
[White "Vios"]
[Black "Osopanda"]
[WhiteElo "1729"]
[BlackElo "1660"]
[Result "1-0"]
[Round "1"]
1.d4 d6
2.e4 Ng8f6
3.Nb1c3 Nb8d7
4.f4 e5
5.Ng1f3 Bf8e7
6.Bf1c4 O-O
7.dxe5 dxe5
8.fxe5 Nf6g4
9.Bc1f4 Be7c5
10.Rh1f1 Ng4e3
11.Bf4xe3 Bc5xe3
12.Qd1d3 Be3h6
13.e6 Nd7b6
14.exf7 Kh8
15.Qd3xd8 Rf8xd8
16.Bc4b3 Bc8g4
17.Nf3e5 Bh6d2
18.Kf2 c5
19.Ne5xg4 c4
20.e5 cxb3
21.axb3 Nb6d5
22.Nc3xd5 Rd8xd5
23.Ra1d1 Ra8d8
24.Ke2 Bd2b4
25.Rd1xd5 { resign }
1-0

[Event "Tourn. n9462"]
[Site "www.chess-mail.com"]
[Date "2017.10.01"]
[Round "1"]
[White "Xkafi"]
[Black "Luban"]
[WhiteElo "2050"]
[BlackElo "2150"]
[Result "0-1"]
[Round "1"]
1.e4 c5
2.Bf1c4 e6
3.d4 a6
4.a3 b5
5.Bc4a2 d5
6.exd5 exd5
7.h3 h6
8.Qd1h5 Ng8f6
9.Qh5f3 Bc8b7
10.Ng1e2 Bf8e7
11.O-O O-O
12.Rf1e1 Nb8c6
13.dxc5 Be7xc5
14.Bc1e3 Nc6e5
15.Qf3f4 Bc5xe3
16.fxe3 Rf8e8
17.Ne2d4 Ne5c4
18.Nb1c3 Nc4xb2
19.Ra1b1 Nb2c4
20.Rb1d1 Nc4xa3
21.Qf4g3 Bb7c8
22.Nc3xd5 Nf6xd5
23.Nd4c6 Qd8b6
24.Ba2xd5 Bc8b7
25.Nc6b4 Bb7xd5
26.Nb4xd5 Qb6d8
27.Re1f1 Re8e6
28.Nd5f6 Qd8xf6
29.Rf1xf6 Re6xf6
30.e4 Na3xc2
31.Rd1d7 b4
32.Qg3b3 Ra8c8
33.Rd7a7 Rc8c3
34.Qb3b2 Rf6c6
35.e5 b3
36.Ra7a8 Kh7
37.Ra8a7 Nc2d4
38.Ra7xa6 Nd4e2
39.Kh2 Rc6xa6
40.Qb2xe2 Ra6a2
41.Qe2e4 g6
42.Qe4d5 Ra2a7
43.Qd5b5 Ra7c7
44.Kg1 Rc3c1
45.Kh2 Rc1b1
46.h4 b2
47.h5 Rb1h1
48.Kxh1 Rc7c1
49.Kh2 b1Q
{ resign }
0-1

[Event "Tourn. n9520"]
[Site "www.chess-mail.com"]
[Date "2017.10.01"]
[Round "1"]
[White "Norlavuaram"]
[Black "Cjood"]
[WhiteElo "2070"]
[BlackElo "2010"]
[Result "1-0"]
[Round "1"]
1.e4 Ng8f6
2.e5 Nf6e4
3.d4 e6
4.Bf1d3 f5
5.Ng1f3 b6
6.O-O Bc8b7
7.c3 h6
8.Nb1d2 Ne4xd2
9.Bc1xd2 d6
10.exd6 Bf8xd6
11.Rf1e1 Nb8d7
12.Re1xe6 Bd6e7
13.Bd3xf5 Kf7
14.Qd1b3 Kf8
15.Ra1e1 Be7d6
16.c4 Bb7xf3
17.Qb3xf3 Nd7f6
18.Bd2c3 Rh8g8
19.b4 g6
20.Bf5b1 Kf7
21.d5 Rg8e8
22.Bc3xf6 Qd8d7
23.Bf6c3 Kg8
24.Re6xg6 { resign }
1-0